[Event "S. A. Group BAN-chT 2018"]
[Site "Dhaka"]
[Date "2018.12.16"]
[Round "11"]
[White "Chowdhury, Sohel"]
[Black "Rahman, Saimon Siddiqur"]
[Result "1-0"]
[WhiteElo "2012"]
[BlackElo "1996"]
[Annotator "NA"]
[PlyCount "98"]
[EventDate "2018.12.07"]
[EventType "team-tourn"]
[EventCountry "BAN"]
[SourceTitle "playchess.com"]
[Source "ChessBase"]
[SourceQuality "1"]
[TimeControl "5400+30"]

{[%evp 10,98,35,31,53,32767,32767,32767,32767,32767,32767,32767,32767,32767,32767,32767,32767,32767,32767,32767,32767,32767,32767,32767,-15,-31,-18,-33,112,95,105,107,175,170,168,160,172,165,160,151,168,167,175,174,253,184,197,32767,32767,32767,32767,32767,32767,32767,32767,169,175,130,147,143,141,125,157,166,32767,32767,32767,32767,32767,32767,32767,32767,32767,32767,32767,32767,32767,32767,32767,98,118,32767,112,103,160,93,103,118,105,91,117]} 1. e4 {[%emt 1:30:30]} e6 {[%emt 1:30:30]} 2. d4 {[%emt 0:00:30]} d5 {[%emt 0:00:30]} 3. exd5 {[%emt 0:00:30]} exd5 {[%emt 0:00:30]} 4. Bd3 {[%emt 0:00:30]} Nf6 {[%emt 0:00:30]} 5. Nf3 {[%emt 0:00:30]} Bg4 {[%emt 0:00:30] LiveBook: 145 Games} 6. O-O {[%emt 0:00:30]} Be7 {[%emt 0:00:30]} 7. h3 {[%emt 0:00:30]} Bh5 {[%emt 0:00:30] C01: French: Exchange Variation} 8. Re1 {[%emt 0:00:30]} O-O {[%emt 0:00:30]} 9. Be3 {[%emt 0:00:30]} (9. Bg5 Nbd7 10. c3 Re8 11. Nbd2 c6 12. Qc2 Bg6 13. Bxg6 hxg6 14. Re3 Bd6 15. Rxe8+ Qxe8 {0-1 (60) Hansen,E (2629)-Erenburg,S (2564) chess.com INT 2018}) 9... c6 {[%emt 0:00:30]} 10. Nbd2 {[%emt 0:00:30]} Nbd7 $146 {[%emt 0:00:30]} ({Predecessor:} 10... Bd6 11. c4 Re8 12. c5 Bc7 13. Qb3 Qc8 14. Nh4 {0-1 (66) Mihelic,V-Wagner,L (1626) Mureck 2014}) 11. c3 {[%emt 0:00:30]} Re8 {[%emt 0:00:30]} 12. Qc2 {[%emt 0:00:30]} Bg6 {[%emt 0:00:30]} 13. Bxg6 {[%emt 0:00:30]} hxg6 {[%emt 0:00:30]} 14. Ne5 {[%emt 0:00:30]} Bd6 {[%emt 0:00:30]} 15. f4 {[%emt 0:00:30]} Qc7 {[%emt 0:00:30]} 16. Rac1 {[%emt 0:00:30]} Nf8 {[%emt 0:00:30]} 17. a3 {[%emt 0:00:30]} b5 {[%emt 0:00:30]} 18. Qd3 {[%emt 0:00:30]} Ne4 {[%emt 0:00:30]} (18... a5 $15 {stays ahead.}) 19. Nxe4 {[%emt 0:00:30]} dxe4 {[%emt 0:00:30]} 20. Qxe4 {[%emt 0:00:30]} f6 {[%emt 0:00:30]} (20... g5 $16) 21. Qxc6 {[%emt 0:00:30]} fxe5 {[%emt 0:00:30]} 22. Qd5+ {[%emt 0:00:30] Double Attack} Kh7 {[%emt 0:00:30]} 23. fxe5 {[%emt 0:00:30]} Be7 {[%emt 0:00:30]} 24. Qxb5 {[%emt 0:00:30]} Rab8 {[%emt 0:00:30]} 25. Qe2 {[%emt 0:00:30]} Rb3 {[%emt 0:00:30]} 26. Rc2 {[%emt 0:00:30]} Reb8 {[%emt 0:00:30]} (26... Qb7 $142 27. Rf1 Qe4) 27. Bc1 {[%emt 0:00:30]} Ne6 {[%emt 0:00:30]} 28. Rf1 {[%emt 0:00:30]} Bg5 {[%emt 0:00:30]} 29. Bxg5 {[%emt 0:00:30]} Nxg5 {[%emt 0:00:30]} 30. Qg4 {[%emt 0:00:30]} Qe7 {[%emt 0:00:30]} 31. Rff2 {[%emt 0:00:30]} Nf7 {[%emt 0:00:30]} 32. Qe2 {[%emt 0:00:30]} Nh6 {[%emt 0:00:30]} 33. Qd2 {[%emt 0:00:30]} Nf5 {[%emt 0:00:30]} 34. Qf4 {[%emt 0:00:30]} Qe6 {[%emt 0:00:30]} 35. Rcd2 {[%emt 0:00:30]} Rd8 {[%emt 0:00:30]} 36. Qe4 {[%emt 0:00:30]} Kg8 {[%emt 0:00:30]} 37. Kh2 {[%emt 0:00:30]} Ne7 {[%emt 0:00:30]} 38. Qh4 {[%emt 0:00:30]} Rdb8 {[%emt 0:00:30]} 39. Qe4 {[%emt 0:00:30]} Rd8 {[%emt 0:00:30]} 40. Qh4 {[%emt 0:00:30]} Rdb8 {[%emt 0:00:30]} 41. Rde2 {[%emt 0:00:30]} Re8 {[%emt 0:00:30]} 42. Qe4 {[%emt 0:00:30]} Rd8 {[%emt 0:00:30]} 43. Rd2 {[%emt 0:00:30]} Rbb8 {[%emt 0:00:30]} 44. Qe2 {[%emt 0:00:30]} Rbc8 {[%emt 0:00:30]} 45. Rd3 {[%emt 0:00:30]} Nf5 {[%emt 0:00:30]} 46. Qg4 {[%emt 0:00:30]} Rf8 {[%emt 0:00:30]} 47. Rg3 {[%emt 0:00:30]} (47. Qe4 $142) 47... Rc6 {[%emt 0:00:30]} 48. Rgf3 {[%emt 0:00:30]} Rb6 {[%emt 0:00:30]} 49. Qe4 {[%emt 0:00:30]} Rd8 $16 {[%emt 0:00:30]} 1-0

[Event "S. A. Group BAN-chT 2018"]
[Site "Dhaka"]
[Date "2018.12.16"]
[Round "11"]
[White "Zia, Tahsin Tajwar"]
[Black "Khan, Jewel"]
[Result "1-0"]
[WhiteElo "1925"]
[BlackElo "1957"]
[Annotator "NA"]
[PlyCount "79"]
[EventDate "2018.12.07"]
[EventType "team-tourn"]
[EventCountry "BAN"]
[SourceTitle "playchess.com"]
[Source "ChessBase"]
[SourceQuality "1"]
[TimeControl "5400+30"]

{[%evp 15,79,29,32767,32767,32767,32767,32767,32767,32767,32767,32767,32767,32767,32767,32767,32767,32767,32767,32767,1,34,16,13,18,23,-18,-4,-4,0,0,32767,32767,0,-16,0,0,7,0,0,5,0,4,0,5,3,0,0,-7,32767,32767,32767,32767,32767,32767,32767,32767,32767,32767,32767,32767,47,59,77,75,88,78]} 1. Nf3 {[%emt 0:00:00]} d5 {[%emt 0:00:00]} 2. d4 {[%emt 0:00:00]} Nf6 {[%emt 0:00:21]} 3. Bf4 {[%emt 0:00:00]} e6 {[%emt 0:00:16]} 4. e3 {[%emt 0:00:00]} Bd6 {[%emt 0:00:07]} 5. Bg3 {[%emt 0:00:06]} O-O {[%emt 0:00:20]} 6. Nbd2 {[%emt 0:00:09]} Qe7 {[%emt 0:01:54] D02: 1 d4 d5 2 Nf3 sidelines, including 2...Nf6 3 g3 and 2...Nf6 3 Bf4} (6... b6 7. c3 Ba6 8. Bxa6 Nxa6 9. Ne5 Nb8 10. f4 c5 11. Bh4 Be7 12. O-O Nfd7 13. Bxe7 Qxe7 14. Rf3 Nxe5 15. fxe5 {1-0 (29) Aronian,L (2767)-Giri,A (2782) chess.com INT 2018}) 7. Bd3 {[%emt 0:00:27]} Nbd7 {[%emt 0:00:16]} 8. Ne5 {[%emt 0:01:10]} Re8 {[%emt 0:06:23]} 9. f4 {[%emt 0:00:47]} Nf8 {[%emt 0:00:40]} 10. Qf3 $146 {[%emt 0:01:16]} ({Predecessor:} 10. O-O N6d7 11. e4 c5 12. Nxd7 Bxd7 13. e5 Bc7 14. Qg4 {½-½ (37) Bala,K (2264)-Kovacevic,S (2167) Novi Sad 2017}) 10... c6 {[%emt 0:02:27]} 11. Bf2 {[%emt 0:01:47]} N6d7 {[%emt 0:00:21]} 12. g4 {[%emt 0:06:06]} f6 {[%emt 0:00:13]} 13. Nxd7 {[%emt 0:00:46]} Bxd7 {[%emt 0:01:25]} 14. O-O-O {[%emt 0:04:47]} e5 {[%emt 0:00:10]} 15. fxe5 {[%emt 0:02:42]} fxe5 {[%emt 0:00:10]} 16. e4 {[%emt 0:12:13]} Be6 {[%emt 0:02:09]} 17. Kb1 {[%emt 0:02:55]} Ng6 {[%emt 0:00:17]} 18. exd5 {[%emt 0:04:37]} Rf8 {[%emt 0:02:14]} 19. Qe3 {[%emt 0:05:41]} Bxd5 {[%emt 0:01:48]} 20. Rhe1 {[%emt 0:09:36]} exd4 {[%emt 0:15:23]} 21. Qxe7 {[%emt 0:04:04]} Nxe7 {[%emt 0:00:30]} 22. Bxd4 {[%emt 0:00:40]} Ng6 {[%emt 0:28:49]} 23. c4 {[%emt 0:03:27]} Bf7 {[%emt 0:02:53]} 24. Bg1 {[%emt 0:05:02]} Bb4 {[%emt 0:02:26]} 25. a3 {[%emt 0:07:00]} Rad8 {[%emt 0:06:27]} 26. Kc2 $1 {[%emt 0:02:38]} Nf4 {[%emt 0:00:31]} 27. Bf5 {[%emt 0:07:12]} Rxd2+ {[%emt 0:05:21]} 28. Rxd2 {[%emt 0:00:26]} Bxd2 {[%emt 0:00:07]} 29. Kxd2 {[%emt 0:00:24]} g6 {[%emt 0:00:23]} 30. Rf1 {[%emt 0:05:52]} Rd8+ {[%emt 0:01:33]} 31. Kc2 {[%emt 0:01:22]} Ne2 {[%emt 0:04:57]} 32. Bd3 {[%emt 0:00:50]} Nd4+ {[%emt 0:01:44]} 33. Kc3 {[%emt 0:01:25]} c5 {[%emt 0:00:50]} 34. Be3 {[%emt 0:00:53]} b6 {[%emt 0:00:49]} 35. Rf6 {[%emt 0:03:44]} Kg7 {[%emt 0:01:05]} 36. g5 {[%emt 0:02:58]} h6 {[%emt 0:02:17]} 37. h4 {[%emt 0:00:24]} hxg5 {[%emt 0:01:01]} 38. Bxg5 {[%emt 0:01:43]} Rd7 {[%emt 0:02:02]} 39. Rf4 {[%emt 0:01:58]} Kg8 {[%emt 0:01:43]} 40. Bf6 $16 {[%emt 0:00:51]} 1-0

[Event "S. A. Group BAN-chT 2018"]
[Site "Dhaka"]
[Date "2018.12.16"]
[Round "11"]
[White "Afzal, Kazi   Mahbub"]
[Black "Aronyak Ghosh"]
[Result "0-1"]
[WhiteElo "1654"]
[BlackElo "2343"]
[Annotator "TA"]
[PlyCount "49"]
[EventDate "2018.12.07"]
[EventType "team-tourn"]
[EventCountry "BAN"]
[SourceTitle "playchess.com"]
[Source "ChessBase"]
[SourceQuality "1"]

{[%evp 11,49,0,22,-2,21,-56,-67,-65,-62,-64,-50,-118,-118,-120,-118,-191,-189,-189,-186,-194,-168,-229,-233,-334,-326,-389,-403,-728,-733,-730,-707,-716,-709,-790,-800,-784,-787,-29982,-29983,-29993]} 1. e4 {[%cal Be2e4,Be4e5][%mdl 32]} Nf6 2. e5 Nd5 3. c4 Nb6 4. d4 d6 5. Nf3 g6 6. h3 {B04: Alekhine's Defence: 4 Nf3} (6. Nc3 Bg7 7. Be3 O-O 8. Be2 Nc6 9. exd6 cxd6 10. O-O Bg4 11. b3 d5 12. c5 Nc8 13. a3 e6 14. b4 a6 15. Ne1 Bxe2 16. Nxe2 N8e7 17. Ng3 b6 18. Rb1 bxc5 19. dxc5 Rb8 20. Qe2 Qc8 {1-0 (68) Andriasian,Z (2586)-Mikaelyan,A (2500) Yerevan 2018}) 6... Bg7 {LiveBook: 7 Games} 7. Nc3 O-O 8. Bd3 $146 (8. exd6 $11 exd6 9. Be2) ({Predecessor:} 8. exd6 cxd6 9. Be3 Bf5 10. Bd3 Bxd3 11. Qxd3 Nc6 12. O-O d5 13. c5 Nc4 14. Bc1 e5 15. dxe5 N6xe5 16. Nxe5 Nxe5 17. Qxd5 Qxd5 18. Nxd5 Nd3 {½-½ (18) Martin Jorge,D (1942)-Abreu Suarez,I (2012) Tenerife 2016}) 8... dxe5 $15 9. dxe5 Nc6 10. Qe2 Be6 11. a3 (11. Be3 $15) 11... Nd4 $17 12. Nxd4 Qxd4 {[%mdl 64] [#] Double Attack} 13. Nb5 (13. Be3 $17 Qxe5 14. O-O) 13... Qxe5 $19 14. Qxe5 Bxe5 15. f4 Rad8 {Hoping for ...Bxb2.} 16. Ke2 (16. fxe5 $142 Rxd3 17. c5) 16... Bf6 {Threatens to win with ...Rxd3!} ({Don't take} 16... Nxc4 17. fxe5 Nxe5 18. Bh6) 17. c5 (17. Nxc7 {was worth a try.} Bxc4 18. Bxc4 Nxc4 19. Rd1) 17... Na4 18. Nxc7 Bb3 {[%cal Be6b3,Bb3c4,Bc4b5][%mdl 32]} 19. Nb5 (19. Bb5 $142) 19... Nxc5 20. Bb1 Bc4+ {[%mdl 64] [#] Double Attack} 21. Kf2 Bxb5 22. Bc2 Nd3+ 23. Bxd3 Rxd3 24. Rb1 Rc8 25. Ke1 {Accuracy: White = 31%, Black = 69%.} 0-1